| 000 | 00762nam a2200205 i 4500 | ||
|---|---|---|---|
| 001 | 30599 | ||
| 003 | ES-MaACL | ||
| 005 | 20251003063044.0 | ||
| 007 | t| | ||
| 008 | 030127s1952 sp ||||1| spa d | ||
| 100 | 1 |
_aBeltrán de Heredia, Vicente, _d1885-1973 _927359 |
|
| 245 | 1 | 0 |
_aFray Francisco de Vitoria _b: burgalés / _ccontradición y réplica respectivamente por Vicente Beltrán de Heredia y Manuel María de los Hoyos. |
| 260 |
_aBurgos : _b[s.n., _c1952] ( _fImp. de la Diputación) |
||
| 300 |
_a53 p. ; _c24 cm. |
||
| 490 | 1 | _aInstitución Fernán-González | |
| 700 | 1 |
_aHoyos, Manuel María de los. _964431 |
|
| 830 | 0 |
_aInstitución Fernán-González _9183294 |
|
| 852 |
_aES-MaACL _j1961-F-7 _bR.34131 |
||
| 999 |
_c30599 _d30599 |
||